Statistiques concernant Capitales Aléatoires de l'Asie - Carte Quiz

Cliquez ici pour prendre le quiz!

Statistiques générales

  • Ce quiz a été pris 1 255 fois
  • Le résultat moyen est 7 sur 8

Réponses sur la Carte

Les réponses sont colorées sur une échelle allant du rouge au vert en fonction du pourcentage des utilisateurs qui les ont devinées à leur premier essai. Vous pouvez retrouver ces pourcentages ci-dessous.
 

Statistiques - réponses

Réponse% Correct
New Delhi
98%
Pékin
98%
Jérusalem
94%
Ankara
92%
Beyrouth
92%
Tokyo
92%
Séoul
91%
Bangkok
90%
Hanoï
90%
Bagdad
88%
Kuala Lumpur
88%
Manille
88%
Pyongyang
88%
Riyad
88%
Singapour
88%
Abou Dabi
87%
Sri Jayawardenepura Kotte
87%
Koweït
86%
Oulan-Bator
86%
Katmandou
83%
Phnom Penh
83%
Téhéran
83%
Kaboul
82%
Taipei
82%
Jakarta
81%
Nicosie
79%
Bichkek
78%
Damas
78%
Doha
77%
Tbilissi
76%
Erevan
74%
Islamabad
73%
Bakou
72%
Malé
72%
Mascate
72%
Amman
71%
Noursoultan
71%
Dacca
69%
Douchanbé
69%
Manama
67%
Thimphou
66%
Bandar Seri Begawan
65%
Sanaa
65%
Tachkent
63%
Vientiane
63%
Achgabat
60%
Naypyidaw
55%
Dili
53%

Distribution des résultats

Percentile par nombre de réponses

% des personnes avec chaque résultat

Votre développement - résultats

Vous n’avez pas pris ce quiz